Spell the Marvel Character #321 - Statistics

General Stats
  • This quiz has been taken 10 times
  • The average score is 6 of 7
Answer Stats
Picture Answer % Correct
Iron Man
100%
Black Widow
90%
Ka-Zar
90%
Old Man Logan
90%
Inferno
80%
Koi Boi
80%
Oya
80%
No matching quizzes found
Score Distribution
Percent of People with Each Score
Percentile by Number Answered
Your Score History
You have not taken this quiz